| 000 | 00415nam a22001217a 4500 | ||
|---|---|---|---|
| 005 | 20260629115917.0 | ||
| 100 |
_aMohtasham Tasleem _a21-MSIT-15 _aSupervisor - Dr. Asghar Ali Chandio _91022 |
||
| 245 | _aMultimodal Biometric Fingerprint and IRIS for Enhanced Device Security (Thesis MS) | ||
| 260 |
_aNawabshah _bQUEST _c2024 |
||
| 300 | _a88p. | ||
| 700 |
_aDepartment of Information Technology _9954 |
||
| 942 | _cTHESIS | ||
| 999 |
_c69080 _d69077 |
||